000 00744nam0a22002531 4500
001 RU\NLR\INFOCOMM18\ROSSICA\1000004512
005 20250613185816.0
035 _a(NLR Aleph) 009897962
090 _a10554749
_c10554749
100 _a20030512d1876 |||y0rusy50 ca
101 0 _ager
102 _aRU
105 _ay ||||000ay
200 1 _aUebersicht der Reisen und naturhistorischen Untersuchungen im Aralo-Kaspi Gebiet seit dem Jahre 1720 bis zum Jahre 1874
_fBogdanow, Modest
210 _aSt.Petersburg
_d1876
215 _d
700 1 _aBogdanow
_bM.
_gModest
_4070
801 1 _aRU
_bInfoComm
_c20030512
801 0 _aRU
_bNLR
_gPSBO
852 _aNLR
_j12.53.6.792
942 _cBOOK
980 _aNB
980 _aRossica